00786nam a2200193 a 4500001001000000003000400010005001700014008004100031040002500072082001700097110017800114245002500292260006700317300002900384504002900413650006100442650004900503650004000552000016642OSt20201202103808.0100308s1985 dr a 000 0 spa d aDO-SdBNPbspacBNPHU a639.9bA598p1 aRepública Dominicana.bSecretaría de Estado de Agricultura. Sub-secretaría de Recursos Naturales. Departamento de Vida Silvestre. Departamento de Educación Ambiental10aAnimales protegidos. aSanto Domingo :bSecretaría de Estado de Agricultura,c1985. a111 p. :bil. ;c21 cm. aBibliografía : p. 111  4aProtección de animales de cazazRepública Dominicana 4aProtección de aveszRepública Dominicana 4aConservación de la vida silvestre